Dictionnaire alphabétique et analogique. Vol.2

保存先:
書誌詳細
第一著者: Paul Robert
フォーマット: 図書
言語:Undetermined
出版事項: Paris SNL. Le Robert 1966
主題:
タグ: タグ追加
タグなし, このレコードへの初めてのタグを付けませんか!
Thư viện lưu trữ: Trung tâm Học liệu Trường Đại học Cần Thơ
LEADER 00499nam a2200181Ia 4500
001 CTU_26113
008 210402s9999 xx 000 0 und d
082 |a 443 
082 |b R639/T2 
100 |a Paul Robert 
245 0 |a Dictionnaire alphabétique et analogique. Vol.2 
245 0 |c Paul Robert 
260 |a Paris 
260 |b SNL. Le Robert 
260 |c 1966 
650 |a french language - dictionaries 
904 |i Minh, 981008 
980 |a Trung tâm Học liệu Trường Đại học Cần Thơ